[Event "Championnat de France - Open A"]
[Site "Pau"]
[Date "2008.08.15"]
[Round "4.18"]
[White "Garro, Pierre"]
[Black "David, Frederic"]
[Result "1/2-1/2"]
[WhiteElo "2140"]
[BlackElo "2054"]
[PlyCount "177"]

1. e4 d5 2. exd5 Nf6 3. d4 Bg4 4. Bb5+ Nbd7 5. f3 Bf5 6. c4 a6 7. Ba4 e6 8.
dxe6 Bxe6 9. d5 Bf5 10. Nc3 Bb4 11. Nge2 O-O 12. Bc2 Bxc2 13. Qxc2 b5 14. Bg5
bxc4 15. O-O-O h6 16. h4 Bxc3 17. Nxc3 Ne5 18. Qf5 Nd3+ 19. Kb1 Qd7 20. Qxd7
Nxd7 21. Be3 Rfe8 22. Bd4 Rab8 23. Rd2 Re7 24. h5 Rbe8 25. Ne4 Nb4 26. Bc3 Nd3
27. g4 Rb8 28. Rg2 Nf4 29. Rd2 Nd3 30. a3 Nb6 31. d6 cxd6 32. Nxd6 Rd7 33. Nf5
f6 34. Ka2 Nd5 35. Bd4 Rdb7 36. Rhh2 Nc1+ 37. Kb1 Nb3 38. Rc2 Nxd4 39. Nxd4 c3
40. b3 Rb6 41. Rce2 Kf7 42. Kc2 Rc8 43. Re4 Rcb8 44. Rhe2 a5 45. Re6 Nf4 46.
Rxb6 Rxb6 47. Re4 Nd5 48. Nf5 Kf8 49. Ne3 Nc7 50. Kxc3 Nb5+ 51. Kb2 Rd6 52. a4
Na7 53. Nf5 Rd2+ 54. Kc3 Rd8 55. Rd4 Rb8 56. Rc4 Nc8 57. Rc5 Ra8 58. Rc6 Ne7
59. Nxe7 Kxe7 60. Rc7+ Kf8 61. b4 axb4+ 62. Kxb4 Rb8+ 63. Kc4 Rb1 64. Kd5 Ra1
65. Ke6 Kg8 66. Rc8+ Kh7 67. Rc4 Ra3 68. Rf4 Rd3 69. Ke7 Rd2 70. a5 Ra2 71. Rf5
Rd2 72. Rb5 Rd3 73. a6 Ra3 74. Rb6 Rxf3 75. a7 Ra3 76. Rb7 Ra4 77. Kf8 Ra6 78.
Rc7 Ra4 79. Rxg7+ Kh8 80. Rg6 Kh7 81. Rxf6 Rxa7 82. Rf7+ Kh8 83. Re7 Ra1 84.
Re6 Rf1+ 85. Ke7 Rg1 86. Rxh6+ Kg7 87. Re6 Rxg4 88. h6+ Kh7 89. Rf6 1/2-1/2

[Event "Championnat de France - Open A"]
[Site "Pau"]
[Date "2008.08.15"]
[Round "4.19"]
[White "Dargagnon, Remi"]
[Black "Jeanjean, Dominique"]
[Result "1/2-1/2"]
[WhiteElo "2079"]
[BlackElo "2140"]
[PlyCount "60"]

1. d4 Nf6 2. Nf3 d5 3. c4 e6 4. Nc3 Be7 5. Bg5 h6 6. Bxf6 Bxf6 7. e3 O-O 8. Qc2
c5 9. dxc5 Qa5 10. Be2 dxc4 11. O-O Bxc3 12. Qxc3 Qxc3 13. bxc3 Nd7 14. c6 bxc6
15. Bxc4 c5 16. Rfd1 Rb8 17. Bb3 Nf6 18. Ne5 Rb7 19. Rd3 Nd7 20. Nc4 Nb6 21.
Rad1 Nxc4 22. Bxc4 Rb6 23. Rd6 Rxd6 24. Rxd6 Bb7 25. h3 Rb8 26. Rd7 Bc6 27.
Rxa7 Rb1+ 28. Kh2 Rc1 29. Rc7 Rxc3 30. Rxc6 Rxc4 1/2-1/2

[Event "Championnat de France - Open A"]
[Site "Pau"]
[Date "2008.08.15"]
[Round "4.20"]
[White "Lagunes, Jean-Renaud"]
[Black "Lewis, John"]
[Result "1/2-1/2"]
[WhiteElo "2047"]
[BlackElo "2134"]
[PlyCount "52"]

1. e4 c5 2. Nf3 Nc6 3. Bb5 d6 4. Bxc6+ bxc6 5. d3 Bg4 6. c4 e6 7. Nbd2 Ne7 8.
Nf1 Bh5 9. Ng3 Bg6 10. Nh4 Nc8 11. Nxg6 hxg6 12. Qa4 Qc7 13. Bd2 Nb6 14. Qc2
Be7 15. Bc3 Bf6 16. Bxf6 gxf6 17. O-O-O e5 18. h4 Nd7 19. h5 O-O-O 20. hxg6
fxg6 21. Qe2 Rxh1 22. Rxh1 Nf8 23. Rh6 Qg7 24. Qg4+ Rd7 25. Qh3 Kc7 26. Ne2 Ne6
1/2-1/2

[Event "Championnat de France - Open A"]
[Site "Pau"]
[Date "2008.08.15"]
[Round "4.21"]
[White "Venner, Laurent"]
[Black "Jaulin, Marc"]
[Result "0-1"]
[WhiteElo "2029"]
[BlackElo "2124"]
[PlyCount "82"]

1. d4 Nf6 2. Nf3 e6 3. Bf4 c5 4. c3 b6 5. Nbd2 cxd4 6. cxd4 Bb7 7. e3 Be7 8. h3
O-O 9. Bd3 d5 10. O-O Ba6 11. Bxa6 Nxa6 12. Rc1 Nb4 13. Qb3 Rc8 14. Ne5 Nd7 15.
Qa4 Rxc1 16. Rxc1 Nxe5 17. Bxe5 Nd3 18. Bc7 Qe8 19. Qxe8 Rxe8 20. Rb1 Rc8 21.
Bg3 Rc2 22. Nf3 Nxb2 23. Ne1 Rd2 24. Nf3 Rc2 25. Ne1 Rd2 26. Nf3 Rd1+ 27. Rxd1
Nxd1 28. Bb8 a6 29. Bc7 b5 30. Ne5 Nc3 31. Nc6 Bf8 32. Nb8 Nxa2 33. Nxa6 b4 34.
Nc5 Bxc5 35. dxc5 f6 36. c6 Kf7 37. Bd6 Ke8 38. Kf1 b3 39. Ba3 Nc3 40. Ke1 Kd8
41. Bc1 Na4 0-1

[Event "Championnat de France - Open A"]
[Site "Pau"]
[Date "2008.08.15"]
[Round "4.22"]
[White "Grandadam, Nicolas"]
[Black "Bourdeaud'Huy, Thomas"]
[Result "1-0"]
[WhiteElo "2112"]
[BlackElo "2052"]
[PlyCount "119"]

1. d4 g6 2. c4 Bg7 3. e4 d6 4. Nc3 Nf6 5. Be2 b6 6. Nf3 O-O 7. O-O Nfd7 8. Bg5
f6 9. Be3 Bb7 10. d5 c5 11. Nd2 Ne5 12. f4 Nf7 13. Bg4 Na6 14. Be6 Nc7 15.
Bxf7+ Rxf7 16. f5 Qf8 17. Qg4 Bh6 18. Rae1 Bc8 19. Qh4 Bxe3+ 20. Rxe3 g5 21.
Qh5 Bd7 22. h4 Rg7 23. Rg3 Be8 24. Qh6 gxh4 25. Qxh4 Rxg3 26. Qxg3+ Qg7 27.
Qxg7+ Kxg7 28. Rf3 b5 29. cxb5 Nxb5 30. Nxb5 Bxb5 31. Rb3 a6 32. Nb1 Ra7 33.
Na3 Ba4 34. Rb8 h5 35. Kf2 Kh6 36. Kg3 Kg5 37. b3 h4+ 38. Kf3 Bb5 39. Rg8+ Kh6
40. Rh8+ Kg5 41. Nb1 a5 42. Nc3 Bd7 43. Ne2 Bxf5 44. Rg8+ Kh6 45. exf5 a4 46.
Rg6+ Kh7 47. Rg4 axb3 48. Rxh4+ Kg8 49. axb3 Ra3 50. Nc1 Kf7 51. Ke3 Ra7 52.
Kd3 Rb7 53. Kc3 Ke8 54. Nd3 Kd7 55. Rh7 Rb8 56. Nf4 Rb4 57. Ng6 Re4 58. Rxe7+
Rxe7 59. Nxe7 Kxe7 60. Kc4 1-0

[Event "Championnat de France - Open A"]
[Site "Pau"]
[Date "2008.08.15"]
[Round "4.23"]
[White "Beghin, Ronan"]
[Black "Lahilhanne, Philippe"]
[Result "1-0"]
[WhiteElo "2110"]
[BlackElo "2051"]
[PlyCount "27"]

1. e4 g6 2. d4 Bg7 3. Nc3 d6 4. Bg5 c6 5. Qd2 Qa5 6. f4 a6 7. Nf3 Bg4 8. Be2 e6
9. h3 Bxf3 10. Bxf3 d5 11. O-O-O dxe4 12. Nxe4 Qxd2+ 13. Rxd2 Bf8 14. c4 1-0

[Event "Championnat de France - Open A"]
[Site "Pau"]
[Date "2008.08.15"]
[Round "4.24"]
[White "Bruneau, Francois"]
[Black "Couche, Jean-Francois"]
[Result "1/2-1/2"]
[WhiteElo "2002"]
[BlackElo "2105"]
[PlyCount "107"]

1. e4 c5 2. Nc3 Nc6 3. Bb5 Nd4 4. Bc4 e6 5. Nge2 a6 6. Nxd4 cxd4 7. Ne2 Bc5 8.
O-O Ne7 9. b4 Ba7 10. Bb2 b5 11. Bb3 Nc6 12. d3 O-O 13. f4 f5 14. exf5 Rxf5 15.
Ng3 Rf8 16. f5 d5 17. fxe6 Bxe6 18. Qh5 g6 19. Rxf8+ Qxf8 20. Qg5 Qe7 21. Qxe7
Nxe7 22. Ne2 Bf7 23. Bxd4 Nc6 24. Bxa7 Rxa7 25. a4 Re7 26. axb5 axb5 27. Nc3
Nxb4 28. Nxb5 Kg7 29. Nd4 Kf6 30. Kf2 Ke5 31. Re1+ Kd6 32. Rxe7 Kxe7 33. Ke3
Kd6 34. Kf4 h6 35. h4 Be8 36. g3 Bd7 37. Nf3 Be8 38. d4 Na6 39. c4 dxc4 40.
Bxc4 Nc7 41. Nd2 Nd5+ 42. Bxd5 Kxd5 43. Ke3 Ba4 44. Ne4 Bc2 45. Nf6+ Ke6 46.
Ng4 h5 47. Ne5 Kf6 48. Nf3 Bb3 49. Nd2 Bd5 50. Nb1 g5 51. hxg5+ Kxg5 52. Nc3
Bc6 53. d5 Bxd5 54. Nxd5 1/2-1/2

[Event "Championnat de France - Open A"]
[Site "Pau"]
[Date "2008.08.15"]
[Round "4.26"]
[White "Lamberti, Hugo"]
[Black "Moucheroud, Jeremy"]
[Result "1-0"]
[WhiteElo "2101"]
[BlackElo "2012"]
[PlyCount "123"]

1. e4 c5 2. Nf3 Nc6 3. d4 cxd4 4. Nxd4 Nf6 5. Nc3 e5 6. Ndb5 d6 7. Bg5 a6 8.
Na3 b5 9. Nd5 Be7 10. Bxf6 Bxf6 11. c3 Bg5 12. h4 Bh6 13. Nc2 O-O 14. g4 Bf4
15. Qf3 Re8 16. Be2 Rb8 17. Rd1 Be6 18. Kf1 Bxd5 19. Rxd5 Ne7 20. Rd1 Ng6 21.
h5 Ne7 22. Nb4 Qb6 23. Kg2 Rbc8 24. Nd5 Nxd5 25. Rxd5 Re6 26. Qd3 Bg5 27. a4
bxa4 28. Qxa6 Qxa6 29. Bxa6 Rc5 30. Ra1 Rxd5 31. exd5 Re8 32. Rxa4 Rb8 33. Rc4
Kf8 34. b4 Bd8 35. Kf3 Bb6 36. Rc6 Ke7 37. Ke2 Bd8 38. Kd3 Bb6 39. f3 Bd8 40.
Kc4 g6 41. hxg6 fxg6 42. Bc8 h5 43. gxh5 gxh5 44. Be6 Ra8 45. Rc8 Ra2 46. Rb8
Rf2 47. Rb7+ Kf6 48. Rf7+ Kg5 49. Kb5 Bf6 50. c4 Rxf3 51. c5 dxc5 52. bxc5 e4
53. c6 Be5 54. c7 Bxc7 55. Rxc7 e3 56. Rc2 Kf6 57. Re2 Ke7 58. Kc5 h4 59. Kd4
h3 60. Ke4 Rg3 61. Kf4 Rg2 62. Rxe3 1-0

[Event "Championnat de France - Open A"]
[Site "Pau"]
[Date "2008.08.15"]
[Round "4.27"]
[White "Allorant, Adrien"]
[Black "Ruffenach, Alain"]
[Result "1/2-1/2"]
[WhiteElo "2011"]
[BlackElo "2100"]
[PlyCount "103"]

1. e4 g6 2. d4 Bg7 3. Nc3 d6 4. Be3 Nf6 5. f3 c6 6. Qd2 b5 7. O-O-O Qc7 8. g4
Nbd7 9. Nge2 Nb6 10. Ng3 a6 11. e5 Nfd5 12. Nxd5 Nxd5 13. exd6 exd6 14. Bg5 O-O
15. h4 Be6 16. Bh6 f6 17. Bxg7 Qxg7 18. Ne4 Rad8 19. Bd3 Rfe8 20. c3 a5 21.
Rdg1 Kh8 22. g5 f5 23. Ng3 Ne7 24. h5 Kg8 25. Bb1 c5 26. Ne2 b4 27. hxg6 hxg6
28. Nf4 Bf7 29. Rd1 bxc3 30. bxc3 cxd4 31. Qxd4 Rc8 32. Kb2 Rc4 33. Qxg7+ Kxg7
34. Ne2 Rb8+ 35. Ka1 Nd5 36. Rc1 Ra4 37. Nd4 Nxc3 38. Nxf5+ gxf5 39. Rxc3 Rb6
40. Rh6 Rd4 41. Bc2 Rb7 42. Rf6 a4 43. Rc6 a3 44. Rcxd6 Rxd6 45. Rxd6 Rb2 46.
Bb1 Rf2 47. Rd3 Kg6 48. Rxa3 Kxg5 49. Rc3 Bg6 50. a4 Bh5 51. Rc5 Rxf3 52. Rxf5+
1/2-1/2

[Event "Championnat de France - Open A"]
[Site "Pau"]
[Date "2008.08.15"]
[Round "4.28"]
[White "Veron, Cyprien"]
[Black "Bressac, Stephane"]
[Result "1-0"]
[WhiteElo "2098"]
[BlackElo "2028"]
[PlyCount "69"]

1. Nf3 Nf6 2. c4 g6 3. g3 Bg7 4. Bg2 O-O 5. O-O d6 6. d4 c6 7. Nc3 Qa5 8. Re1
e5 9. e4 Nbd7 10. h3 exd4 11. Nxd4 Ne5 12. Bf1 c5 13. Nb3 Qb6 14. f4 Ned7 15.
Be3 Re8 16. Bf2 a6 17. Qd2 Qc7 18. Rad1 Bf8 19. g4 h6 20. Bg3 b5 21. e5 dxe5
22. fxe5 bxc4 23. Bxc4 Nb6 24. Bf1 Be6 25. Qf2 Nfd5 26. Ne4 Nd7 27. Rxd5 Bxd5
28. e6 Qb7 29. Qxf7+ Kh8 30. Qxd7 Qxd7 31. exd7 Rxe4 32. Rd1 c4 33. Na5 Bc5+
34. Kh2 Rd4 35. Be5+ 1-0

[Event "Championnat de France - Open A"]
[Site "Pau"]
[Date "2008.08.15"]
[Round "4.29"]
[White "Fejzovski, Ekrem"]
[Black "Csomos, Romain"]
[Result "1-0"]
[WhiteElo "2093"]
[BlackElo "2011"]
[PlyCount "51"]

1. d4 e6 2. c4 b6 3. e4 Bb7 4. Nc3 Ne7 5. d5 exd5 6. cxd5 d6 7. Bg5 h6 8. Be3
Ng6 9. Nf3 a6 10. h4 Nd7 11. h5 Nge5 12. Nd4 c5 13. dxc6 Nxc6 14. Nxc6 Bxc6 15.
Bc4 Be7 16. Rc1 Bb7 17. Bd5 Bxd5 18. Nxd5 Rc8 19. Rxc8 Qxc8 20. Bd4 f6 21. O-O
Bd8 22. Qg4 Kf7 23. Qg6+ Kf8 24. Qf5 Kf7 25. Nf4 Be7 26. Qe6+ 1-0

[Event "Championnat de France - Open A"]
[Site "Pau"]
[Date "2008.08.15"]
[Round "4.30"]
[White "Cheron, Stephane"]
[Black "Fievet, Patrick"]
[Result "0-1"]
[WhiteElo "1990"]
[BlackElo "2091"]
[PlyCount "82"]

1. e4 e6 2. d4 d5 3. e5 c5 4. c3 Nc6 5. Nf3 cxd4 6. cxd4 Nge7 7. a3 Nf5 8. b4
Bd7 9. Be2 Qb6 10. Be3 Rc8 11. O-O Be7 12. Nbd2 O-O 13. Nb3 Nxe3 14. fxe3 f6
15. exf6 Bxf6 16. Nc5 Qc7 17. Rc1 b6 18. Nd3 Qd6 19. Nf4 g6 20. Bd3 Nxd4 21.
Rxc8 Nxf3+ 22. Qxf3 Bxc8 23. Bxg6 hxg6 24. Nxg6 Rf7 25. Qg4 Bg7 26. Rc1 Ba6 27.
Qg5 e5 28. b5 Bb7 29. h4 Qf6 30. Qg3 Kh7 31. h5 Qf5 32. h6 Qxg6 33. Qxg6+ Kxg6
34. hxg7 Kxg7 35. Kh2 Kf6 36. Kg3 Ke6 37. Rh1 d4 38. exd4 exd4 39. Rh5 Rg7+ 40.
Kh3 Bxg2+ 41. Kh2 Be4 0-1

[Event "Championnat de France - Open A"]
[Site "Pau"]
[Date "2008.08.16"]
[Round "4.31"]
[White "Normand, Vincent"]
[Black "Samoun, Florent"]
[Result "1/2-1/2"]
[WhiteElo "2090"]
[BlackElo "2006"]
[PlyCount "99"]

1. e4 Nf6 2. Nc3 e5 3. Bc4 Nc6 4. d3 d6 5. f4 Bg4 6. Qd2 exf4 7. Qxf4 Ne5 8.
Bb3 Be7 9. d4 Ng6 10. Qf2 O-O 11. Nge2 b5 12. Ng3 c5 13. dxc5 dxc5 14. Bd5 Rb8
15. Bc6 Rb6 16. h3 Rxc6 17. hxg4 b4 18. Nce2 Nxg4 19. Qf5 Qc8 20. Qh5 Nf6 21.
Qh2 Qg4 22. Bd2 c4 23. O-O-O b3 24. a3 bxc2 25. Rdf1 Rd8 26. Rxf6 Bxf6 27.
Qxh7+ Kf8 28. Bb4+ Rcd6 29. Kxc2 Be5 30. Qh5 Qxh5 31. Rxh5 Ke8 32. Bxd6 Rxd6
33. Nf5 Rb6 34. Ned4 Nf4 35. Rh8+ Kd7 36. Rf8 g6 37. Rxf7+ Kd8 38. Rf8+ Kd7 39.
Rf7+ Kd8 40. Rf8+ Kc7 41. Re8 Bf6 42. e5 Kd7 43. Ra8 Bxe5 44. Rxa7+ Kd8 45.
Ra8+ Kc7 46. Re8 Bf6 47. Re4 gxf5 48. Rxf4 Be5 49. Rh4 f4 50. Kc3 1/2-1/2

[Event "Championnat de France - Open A"]
[Site "Pau"]
[Date "2008.08.15"]
[Round "4.32"]
[White "Billon, Olivier"]
[Black "Rodier, David"]
[Result "0-1"]
[WhiteElo "1999"]
[BlackElo "2162"]
[PlyCount "90"]

1. e4 c5 2. Nf3 d6 3. d4 cxd4 4. Nxd4 Nf6 5. Nc3 a6 6. Bg5 e6 7. f4 Nbd7 8. Qf3
Qc7 9. O-O-O b5 10. g4 b4 11. Nce2 Bb7 12. Ng3 Rc8 13. Rd2 Be7 14. Qe2 Nb6 15.
Bxf6 Bxf6 16. g5 Be7 17. Nh5 Qc4 18. Nxg7+ Kf8 19. Qg4 Qxa2 20. Ngxe6+ fxe6 21.
Nxe6+ Kg8 22. Kd1 Bxe4 23. Rg1 Qb1+ 24. Ke2 Rxc2 25. Qh5 Rxd2+ 26. Kxd2 Qc2+
27. Ke1 Bg6 28. Qf3 Qe4+ 29. Qxe4 Bxe4 30. Bxa6 Kf7 31. Nd4 Ra8 32. Be2 d5 33.
Nc6 Ra1+ 34. Bd1 Nc4 35. b3 Ne3 36. Ke2 Rxd1 37. Rxd1 Nxd1 38. Kxd1 Bd6 39. h4
Bxf4 40. Nxb4 Ke6 41. Ke2 Bg6 42. Kf3 Bd6 43. Nc6 Bh5+ 44. Kg2 Kf5 45. Kh3 Ke4
0-1

[Event "Championnat de France - Open A"]
[Site "Pau"]
[Date "2008.08.15"]
[Round "4.33"]
[White "Nguyen-Huu, Hoang"]
[Black "Lograda, Alexis"]
[Result "1/2-1/2"]
[WhiteElo "2129"]
[BlackElo "2033"]
[PlyCount "34"]

1. c3 e5 2. Qc2 d5 3. d3 f5 4. Nd2 Nf6 5. e4 c6 6. Ngf3 Bd6 7. Be2 O-O 8. O-O
Kh8 9. b4 a5 10. bxa5 fxe4 11. dxe4 Qxa5 12. Bd3 Na6 13. Nb3 Qc7 14. Nfd2 Be6
15. a4 Qe7 16. Qb1 Ng4 17. h3 Nh6 1/2-1/2

[Event "Championnat de France - Open A"]
[Site "Pau"]
[Date "2008.08.15"]
[Round "4.34"]
[White "Lewertowski, Gabriel"]
[Black "Ferry, Roger"]
[Result "0-1"]
[WhiteElo "2017"]
[BlackElo "2120"]
[PlyCount "140"]

1. e4 e6 2. d4 d5 3. e5 c5 4. c3 Nc6 5. Nf3 Qb6 6. a3 Nh6 7. b4 cxd4 8. cxd4
Nf5 9. Bb2 Be7 10. h4 h5 11. Bd3 Bd7 12. Bxf5 exf5 13. Nc3 Be6 14. Qd3 Qd8 15.
Rc1 Rc8 16. Na4 b6 17. O-O O-O 18. Qb5 Qd7 19. Nc3 Rc7 20. Ne2 Nxe5 21. Qxd7
Nxf3+ 22. gxf3 Rxd7 23. Nf4 Bxh4 24. Nxh5 g6 25. Nf4 Bg5 26. Nxe6 fxe6 27. Rc6
Kf7 28. Re1 Re8 29. Kg2 Bf4 30. Re2 Rc7 31. Rxc7+ Bxc7 32. Rc2 Re7 33. Rc6 Ke8
34. Bc1 Kd7 35. b5 Re8 36. Bd2 a6 37. a4 axb5 38. axb5 Ra8 39. Rc2 Ra4 40. Bc3
Ra3 41. Bd2 Rb3 42. f4 Rxb5 43. Kf1 Rb1+ 44. Ke2 b5 45. Kd3 Rb3+ 46. Ke2 Bb6
47. Be3 b4 48. Kd2 Ra3 49. Kc1 Rd3 50. Rd2 Rxd2 51. Kxd2 Bc7 52. Kc2 Bd6 53.
Kb3 Ke8 54. Bd2 Kf7 55. Bxb4 Bxf4 56. Kc2 g5 57. Kd3 Kg6 58. Ke2 Bc7 59. Bc3
Kh5 60. Kf3 g4+ 61. Kg2 f4 62. Bb2 f3+ 63. Kg1 Kg6 64. Bc3 Kf5 65. Bb2 Ke4 66.
Kh1 Bb6 67. Kh2 Bxd4 68. Ba3 Bxf2 69. Kh1 g3 70. Bc5 g2+ 0-1

[Event "Championnat de France - Open A"]
[Site "Pau"]
[Date "2008.08.15"]
[Round "4.35"]
[White "Blachon, Pascal"]
[Black "Fevre, Mathieu"]
[Result "1/2-1/2"]
[WhiteElo "2118"]
[BlackElo "2032"]
[PlyCount "133"]

1. d4 Nf6 2. c4 g6 3. Nc3 Bg7 4. e4 d6 5. f3 O-O 6. Nge2 c5 7. d5 e6 8. Ng3
exd5 9. cxd5 Re8 10. Be2 Nbd7 11. O-O a6 12. a4 b6 13. Be3 h6 14. Qd2 Kh7 15.
Rab1 Bb7 16. Rfd1 Rc8 17. Qe1 Qc7 18. Qf2 Re7 19. h3 Rf8 20. Kh1 Ng8 21. f4
Ree8 22. Bd3 Qd8 23. Qf3 Bc8 24. Bg1 Ngf6 25. Qf1 Nb8 26. Re1 h5 27. Bh2 h4 28.
Nge2 Nh5 29. Qf3 f5 30. exf5 Bxf5 31. g4 hxg3 32. Bxf5 Rxf5 33. Nxg3 Rxf4 34.
Qg2 Nxg3+ 35. Bxg3 Rxe1+ 36. Rxe1 Bxc3 37. bxc3 Rf7 38. Re6 Qg5 39. Bxd6 Qxg2+
40. Kxg2 Nd7 41. c4 Kg7 42. Bc7 Rf6 43. Re7+ Rf7 44. Rxf7+ Kxf7 45. Kf3 Ke7 46.
Kf4 Kf6 47. h4 Kg7 48. Ke4 Kf7 49. Kd3 Kf6 50. Ke4 Kf7 51. Bd8 Ke8 52. Bc7 Kf7
53. Kf4 Kg7 54. Kg5 Kf7 55. Bd8 Kg7 56. Kf4 Kf7 57. Bg5 Ke8 58. Ke4 Kf7 59. h5
gxh5 60. Kf5 Nf8 61. Ke5 h4 62. Bxh4 Ng6+ 63. Kd6 Nxh4 64. Kc6 Ke7 65. Kxb6 Nf5
66. Kxc5 Nd6 67. Kb6 1/2-1/2

[Event "Championnat de France - Open A"]
[Site "Pau"]
[Date "2008.08.15"]
[Round "4.36"]
[White "Castro, John"]
[Black "Ralle, Pierre"]
[Result "1/2-1/2"]
[WhiteElo "2014"]
[BlackElo "2113"]
[PlyCount "123"]

1. e4 e6 2. d4 d5 3. Nd2 Nf6 4. e5 Nfd7 5. Bd3 c5 6. c3 Nc6 7. Ne2 Qb6 8. Nf3
cxd4 9. cxd4 Bb4+ 10. Bd2 Bxd2+ 11. Qxd2 Qb4 12. O-O Qxd2 13. Nxd2 Nb6 14. Rac1
Bd7 15. a3 Ke7 16. Nb3 Na4 17. Rc2 a6 18. Nc5 Nxc5 19. Rxc5 h6 20. f4 f5 21.
exf6+ gxf6 22. Re1 Kd6 23. Rc3 Rhg8 24. Bb1 Rg7 25. Rh3 Rh8 26. Rd1 Na5 27. b3
Bb5 28. Nc3 Be8 29. f5 exf5 30. Bxf5 Nxb3 31. Rhd3 Bf7 32. Nb5+ axb5 33. Rxb3
Bh5 34. Re1 Re8 35. Rxe8 Bxe8 36. Bd3 Rg4 37. Rb4 Rf4 38. g3 Rf3 39. Bxb5 Bc6
40. a4 Ra3 41. Bxc6 bxc6 42. Kg2 Ra2+ 43. Kf3 Rxh2 44. g4 Ra2 45. Kf4 Ra1 46.
Kf5 Rf1+ 47. Kg6 Rg1 48. Kf5 Rf1+ 49. Kg6 Rc1 50. Rb2 Rc4 51. Rd2 Rxa4 52. Kxh6
Ra1 53. Rf2 Ke7 54. Kg6 Rg1 55. Kf5 Re1 56. Rf4 Kf7 57. g5 fxg5 58. Kxg5+ Ke6
59. Kg4 Re4 60. Rxe4+ dxe4 61. Kf4 Kd5 62. Ke3 1/2-1/2

[Event "Championnat de France - Open A"]
[Site "Pau"]
[Date "2008.08.15"]
[Round "4.37"]
[White "Baudon, Sebastien"]
[Black "Velten, Paul"]
[Result "0-1"]
[WhiteElo "2009"]
[BlackElo "2112"]
[PlyCount "126"]

1. f4 c5 2. Nf3 Nc6 3. e3 d6 4. Be2 g6 5. O-O Bg7 6. c3 e5 7. fxe5 dxe5 8. e4
Nf6 9. Bc4 O-O 10. d3 Qd6 11. Qe2 Na5 12. Bb5 a6 13. Ba4 b5 14. Bc2 Bb7 15. c4
b4 16. Kh1 Rad8 17. Bg5 h6 18. Bh4 Bc8 19. Nbd2 g5 20. Bf2 Bg4 21. Qe3 Bxf3 22.
Nxf3 Rc8 23. Ng1 Nb7 24. Ne2 Nh5 25. Qf3 Qg6 26. Ba4 Rfd8 27. Rad1 Bf6 28. Bg1
Rd6 29. g4 Nf4 30. Ng3 Rcd8 31. Bc2 a5 32. Nf5 Rc6 33. Ba4 Rcc8 34. Ne3 Nd6 35.
Nd5 Kg7 36. Nb6 Rc7 37. Be3 Nc8 38. Nd5 Nxd5 39. exd5 Nd6 40. Qf2 Rb8 41. Bc6
Be7 42. Qg3 f6 43. b3 Rh8 44. h4 h5 45. hxg5 hxg4+ 46. Kg2 Rh3 47. Qf2 Ne4 48.
gxf6+ Bxf6 49. Qf5 Rg3+ 50. Kh2 Rh3+ 51. Kg2 Qxf5 52. Rxf5 Nd6 53. Rxf6 Kxf6
54. Bxc5 Nf5 55. Rf1 Rxd3 56. Bb6 Rd2+ 57. Kg1 Rf7 58. Bxa5 Rxa2 59. Ba4 Kg7
60. Bxb4 Nh4 61. Rxf7+ Kxf7 62. d6 Nf3+ 63. Kf1 g3 0-1

[Event "Championnat de France - Open A"]
[Site "Pau"]
[Date "2008.08.15"]
[Round "4.38"]
[White "Gozzoli, Cyrille"]
[Black "Gretry, Patrice"]
[Result "1-0"]
[WhiteElo "2104"]
[BlackElo "2029"]
[PlyCount "89"]

1. d4 c5 2. c3 cxd4 3. cxd4 d5 4. Nf3 Nc6 5. Nc3 Nf6 6. Bf4 Bf5 7. e3 e6 8. Be2
Bd6 9. Bg5 O-O 10. O-O h6 11. Bh4 Rc8 12. Rc1 Qe7 13. Qa4 a6 14. a3 Ra8 15. Qb3
Na5 16. Qa2 b5 17. a4 b4 18. Bxf6 Qxf6 19. Nxd5 Qd8 20. Nf4 g5 21. Nd3 Be4 22.
Nc5 Bd5 23. Qb1 g4 24. Ne5 Qg5 25. Ne4 Bxe4 26. Qxe4 f5 27. Qd3 Kg7 28. f4 gxf3
29. Rxf3 Kh7 30. Rg3 Qh4 31. Rh3 Qg5 32. Ng4 h5 33. Ne5 h4 34. Nf3 Qf6 35.
Rxh4+ Kg7 36. e4 Be7 37. e5 Qg6 38. Rh3 Kf7 39. d5 Rh8 40. Rxh8 Rxh8 41. d6 Bd8
42. Qxa6 Rg8 43. Bf1 Qh6 44. Qa7+ Ke8 45. Rc8 1-0

[Event "Championnat de France - Open A"]
[Site "Pau"]
[Date "2008.08.15"]
[Round "4.39"]
[White "Fernandez, Laura"]
[Black "Duchateau, Thomas"]
[Result "1-0"]
[WhiteElo "2003"]
[BlackElo "2088"]
[PlyCount "51"]

1. e4 a6 2. f4 g6 3. Nf3 Bg7 4. Bc4 e6 5. O-O Ne7 6. d4 b5 7. Bd3 d6 8. Qe1 Nd7
9. f5 e5 10. fxg6 hxg6 11. Ng5 Bf6 12. c4 Nc6 13. cxb5 axb5 14. Bxb5 Nxd4 15.
Bc4 Nc2 16. Qg3 Rf8 17. Nxf7 Rxf7 18. Bxf7+ Ke7 19. Qxg6 c6 20. Bg5 Qb6+ 21.
Kh1 Qxb2 22. Bxf6+ Nxf6 23. Qxf6+ Kd7 24. Be8+ Kc7 25. Qe7+ Kb6 26. Nd2 1-0

[Event "Championnat de France - Open A"]
[Site "Pau"]
[Date "2008.08.15"]
[Round "4.40"]
[White "Galby, Vassili"]
[Black "Robert, Bastien"]
[Result "1-0"]
[WhiteElo "2086"]
[BlackElo "2018"]
[PlyCount "79"]

1. Nf3 Nf6 2. c4 g6 3. Nc3 Bg7 4. e4 d6 5. d4 O-O 6. Be2 c5 7. O-O cxd4 8. Nxd4
Nc6 9. Be3 Nxd4 10. Bxd4 Be6 11. Qd2 a6 12. Rad1 Rc8 13. b3 b5 14. cxb5 axb5
15. Bxb5 Qa5 16. Nd5 Qxb5 17. Nxe7+ Kh8 18. Nxc8 Rxc8 19. Qb2 Ne8 20. Bxg7+
Nxg7 21. Rxd6 Qg5 22. f4 Qc5+ 23. Qd4 Qxd4+ 24. Rxd4 f5 25. e5 Ra8 26. Rfd1 Bg8
27. Rd8 Rxd8 28. Rxd8 Ne6 29. Rb8 Nxf4 30. a4 Kg7 31. a5 Bd5 32. a6 Nxg2 33. a7
Ne1 34. Kf2 Nd3+ 35. Ke3 Be4 36. Kd4 Ne1 37. Kc5 f4 38. e6 Kf6 39. Kd6 Nf3 40.
e7 1-0

[Event "Championnat de France - Open A"]
[Site "Pau"]
[Date "2008.08.15"]
[Round "4.42"]
[White "Quenehen, Marc"]
[Black "Lambert, Thierry"]
[Result "1-0"]
[WhiteElo "2084"]
[BlackElo "2000"]
[PlyCount "61"]

1. d4 Nf6 2. c4 g6 3. Nc3 Bg7 4. e4 d6 5. g3 O-O 6. Bg2 Nbd7 7. Nge2 e5 8. O-O
exd4 9. Nxd4 a5 10. Qc2 Nc5 11. Rd1 Re8 12. f3 Ne6 13. Be3 Nxd4 14. Bxd4 Nd7
15. Bxg7 Kxg7 16. Nd5 Nf6 17. Qc3 Be6 18. Rac1 b6 19. g4 g5 20. h4 h6 21. hxg5
hxg5 22. e5 Nxd5 23. cxd5 Bc8 24. exd6+ f6 25. dxc7 Qd6 26. Qd4 b5 27. Rc6 Qe5
28. Qxe5 Rxe5 29. d6 Bd7 30. Rb6 Rc8 31. f4 1-0

[Event "Championnat de France - Open A"]
[Site "Pau"]
[Date "2008.08.15"]
[Round "4.43"]
[White "Cao, Philippe"]
[Black "Favarel, Antoine"]
[Result "0-1"]
[WhiteElo "1991"]
[BlackElo "2074"]
[PlyCount "50"]

1. e4 c5 2. Nf3 Nc6 3. d4 cxd4 4. Nxd4 Nf6 5. Nc3 e5 6. Ndb5 d6 7. Nd5 Nxd5 8.
exd5 Nb8 9. Qf3 a6 10. Qa3 b6 11. c4 Be7 12. Be2 O-O 13. O-O f5 14. f4 Bb7 15.
Nc3 Nd7 16. Qb3 exf4 17. Bxf4 Nc5 18. Qc2 Bf6 19. Rad1 Qe7 20. Rfe1 Rae8 21.
Bf3 Bd4+ 22. Kf1 Qf6 23. Rxe8 Rxe8 24. Bd2 Qh4 25. Bg5 Qxh2 0-1

[Event "Championnat de France - Open A"]
[Site "Pau"]
[Date "2008.08.15"]
[Round "4.44"]
[White "Brongers, Henk"]
[Black "Guilbert, Jean-Louis"]
[Result "1-0"]
[WhiteElo "2070"]
[BlackElo "2003"]
[PlyCount "53"]

1. e4 c5 2. Nf3 Nc6 3. d4 cxd4 4. Nxd4 e5 5. Nb5 a6 6. Nd6+ Bxd6 7. Qxd6 Qf6 8.
Qxf6 Nxf6 9. Nc3 d5 10. exd5 Nb4 11. Bd3 Nxd3+ 12. cxd3 Bf5 13. Bg5 h6 14. Bxf6
gxf6 15. Rd1 Rd8 16. f4 Ke7 17. O-O Bg6 18. f5 Bh7 19. Rfe1 Kd6 20. Re4 Bg8 21.
Rb4 b5 22. a4 Kc5 23. Rh4 Rb8 24. axb5 axb5 25. b4+ Kb6 26. Ra1 Rd8 27. Ra5 1-0

[Event "Championnat de France - Open A"]
[Site "Pau"]
[Date "2008.08.15"]
[Round "4.45"]
[White "Iwanesko, Alexandre"]
[Black "Jouneau, Quentin"]
[Result "1-0"]
[WhiteElo "2062"]
[BlackElo "1978"]
[PlyCount "141"]

1. e4 Nf6 2. e5 Nd5 3. c4 Nb6 4. d4 d6 5. exd6 cxd6 6. Nc3 Nc6 7. Be3 g6 8. Rc1
Bg7 9. b3 O-O 10. d5 Ne5 11. Be2 f5 12. f4 Ng4 13. Bd4 e5 14. dxe6 Bxe6 15. Nf3
d5 16. c5 Nd7 17. O-O Ngf6 18. Ng5 Qe7 19. Nxe6 Qxe6 20. Nxd5 Nxd5 21. Bc4
Bxd4+ 22. Qxd4 N7f6 23. Rfe1 Qc6 24. Rcd1 Rad8 25. Re5 Rf7 26. Bxd5 Nxd5 27.
Rxd5 Rxd5 28. Qxd5 Qxd5 29. Rxd5 Re7 30. Kf2 Kf7 31. g3 Ke8 32. Kf3 Kf7 33. b4
b6 34. c6 Rc7 35. b5 Ke6 36. Re5+ Kd6 37. Ke3 a6 38. a4 axb5 39. axb5 Ra7 40.
Kd4 Ra4+ 41. Kc3 Ra1 42. Kb2 Ra5 43. Kb3 Ra1 44. Re3 Rb1+ 45. Kc4 Rc1+ 46. Rc3
Rb1 47. Rd3+ Ke6 48. Rb3 Ra1 49. Rb2 Kd6 50. Kb4 Kc7 51. Rb3 Kd6 52. Rd3+ Ke6
53. Rc3 Rb1+ 54. Ka4 Ra1+ 55. Kb3 Ra8 56. Kb4 h5 57. Re3+ Kd6 58. Rd3+ Ke6 59.
Rd7 Ra1 60. Rb7 Rb1+ 61. Kc4 Rc1+ 62. Kd3 Rc5 63. Rxb6 Kd6 64. Rb7 Ke6 65. Kd4
Rc2 66. Rg7 Kf6 67. Ra7 Ke6 68. c7 Kd7 69. b6 Kc8 70. Ra8+ Kb7 71. Rb8+ 1-0